[Event "Varsity Oxbridge m 142nd"]
[Site "London"]
[Date "2024.03.02"]
[Round "1.4"]
[White "Williams, Johann"]
[Black "Gallagher, Daniel GH"]
[Result "0-1"]
[WhiteElo "2038"]
[BlackElo "2219"]
[PlyCount "118"]
[EventDate "2024.03.02"]
[EventType "team-match"]
[EventRounds "1"]
[EventCountry "ENG"]
[SourceTitle "CB10_2024"]
[SourceDate "2024.03.06"]
[SourceVersion "1"]
[SourceVersionDate "2024.03.06"]
[SourceQuality "1"]
[WhiteTeam "Cambridge"]
[BlackTeam "Oxford"]
[WhiteTeamCountry "ENG"]
[BlackTeamCountry "ENG"]

1. d4 Nf6 2. c4 g6 3. Nf3 Bg7 4. g3 0-0 5. Bg2 d6 6. Nc3 Nc6 7. d5 Na5 8. Nd2 c5 9. 0-0 a6 10. Rb1 Rb8 11. a3 b5 12. cxb5 axb5 13. b4 cxb4 14. axb4 Nc4 15. Nxc4 bxc4 16. h3 Qc7 17. Qc2 Bd7 18. e4 Rb7 19. Bd2 Rfb8 20. Ne2 Qc8 21. Kh2 c3 22. Nxc3 Rxb4 23. Rxb4 Rxb4 24. Rc1 Rc4 25. Qb3 h5 26. Ne2 Rxc1 27. Nxc1 Ne8 28. Be3 Nc7 29. Nd3 Nb5 30. Nb4 Nd4 31. Qd3 Bb5 32. Qd2 Qc4 33. Bxd4 Bxd4 34. Nc6 Bf6 35. e5 dxe5 36. d6 Bxc6 37. d7 Bxd7 38. Qxd7 Kg7 39. Qd2 Qc5 40. Qe2 Qd4 41. h4 e6 42. Qe3 Qb2 43. Kg1 Bd8 44. Qe1 Bb6 45. Bf1 Qd4 46. Qe2 e4 47. Bg2 f5 48. Bf1 Kf6 49. Bg2 Bc5 50. Bf1 Qe5 51. Kh1 f4 52. gxf4 Qxf4 53. Qb2+ e5 54. Qb8 Qxh4+ 55. Bh3 Qxh3+ 56. Kg1 Qg3+ 57. Kh1 Qf3+ 58. Kh2 Qxf2+ 59. Kh3 Qf1+ 0-1

[Event "SUI-ch U14"]
[Site "Kreuzlingen"]
[Date "2016.07.02"]
[Round "6"]
[White "Gherghel Butan, Mircea"]
[Black "Williams, Johann"]
[Result "1-0"]
[WhiteElo "1880"]
[BlackElo "1856"]
[PlyCount "85"]
[EventDate "2016.06.30"]
[EventType "swiss"]
[EventRounds "7"]
[EventCountry "SUI"]
[SourceTitle "EXT 2017"]
[Source "ChessBase"]
[SourceDate "2016.10.25"]
[SourceVersion "1"]
[SourceVersionDate "2016.10.25"]
[SourceQuality "1"]

1. d4 Nf6 2. Nf3 g6 3. c4 Bg7 4. Nc3 d5 5. cxd5 Nxd5 6. e4 Nxc3 7. bxc3 c5 8. Bb5+ Bd7 9. Bxd7+ Qxd7 10. 0-0 0-0 11. Be3 Na6 12. Qb3 Rac8 13. Rab1 b6 14. d5 c4 15. Qc2 Nc5 16. Bxc5 Rxc5 17. Rfd1 Rfc8 18. Nd4 Bxd4 19. Rxd4 b5 20. a3 a5 21. Rdd1 Rd8 22. Qe2 f6 23. Qe3 Qc7 24. Qg3 Rd6 25. Qe3 Rd8 26. g3 Kg7 27. Kg2 Rd7 28. Qf4 Qd8 29. Qe3 Qc7 30. h4 h6 31. h5 g5 32. f4 gxf4 33. gxf4 Kh7 34. Qg3 Kh8 35. Kf3 e5 36. Qg6 exf4 37. Qxh6+ Kg8 38. Rg1+ Rg7 39. Qxf6 Kh7 40. Rxg7+ Qxg7 41. Qxg7+ Kxg7 42. Kxf4 Kh6 43. Ke5 1-0

[Event "SUI-ch U14"]
[Site "Kreuzlingen"]
[Date "2016.06.30"]
[Round "2"]
[White "Toth, Anatol"]
[Black "Williams, Johann"]
[Result "1/2-1/2"]
[WhiteElo "1775"]
[BlackElo "1856"]
[PlyCount "67"]
[EventDate "2016.06.30"]
[EventType "swiss"]
[EventRounds "7"]
[EventCountry "SUI"]
[SourceTitle "EXT 2017"]
[Source "ChessBase"]
[SourceDate "2016.10.25"]
[SourceVersion "1"]
[SourceVersionDate "2016.10.25"]
[SourceQuality "1"]

1. e4 c5 2. Nf3 d6 3. d4 cxd4 4. Nxd4 Nf6 5. Nc3 a6 6. h3 e5 7. Nde2 Be7 8. g4 Be6 9. Bg2 h6 10. Ng3 Nbd7 11. Nd5 Nb6 12. Nxe7 Qxe7 13. b3 d5 14. exd5 Nfxd5 15. c4 Nb4 16. 0-0 0-0 17. Ba3 a5 18. Qf3 Rab8 19. Qc3 Bd7 20. Rfe1 Rfe8 21. Bb2 f6 22. a3 Nc6 23. c5 Nc8 24. f4 N8a7 25. Rad1 Be6 26. fxe5 Nxe5 27. Qe3 Nac6 28. Ne4 Qc7 29. Nd6 Re7 30. Nb5 Qc8 31. Rd6 a4 32. Bxc6 bxc6 33. Na7 Rxa7 34. Bxe5 1/2-1/2

[Event "SUI-ch U12"]
[Site "Cham"]
[Date "2014.07.06"]
[Round "7"]
[White "Tezayak, Matthias"]
[Black "Williams, Johann"]
[Result "1/2-1/2"]
[WhiteElo "1740"]
[BlackElo "1561"]
[PlyCount "70"]
[EventDate "2014.07.03"]
[EventType "swiss"]
[EventRounds "7"]
[EventCountry "SUI"]
[SourceTitle "CBM 161 Extra"]
[Source "ChessBase"]
[SourceDate "2014.08.29"]
[SourceVersion "1"]
[SourceVersionDate "2014.08.29"]
[SourceQuality "1"]

1. e4 e6 2. d4 d5 3. exd5 exd5 4. Nf3 Nf6 5. Bd3 Bd6 6. Bg5 Bg4 7. 0-0 0-0 8. Nbd2 c6 9. c3 Nbd7 10. Qc2 h6 11. Bh4 Qc7 12. Bg3 Bxg3 13. hxg3 c5 14. dxc5 Nxc5 15. Bf5 Bxf5 16. Qxf5 Rad8 17. Nd4 Na4 18. Qc2 Nc5 19. Rac1 Nce4 20. Nxe4 Nxe4 21. Rcd1 g6 22. Rfe1 Nf6 23. Nb3 Kg7 24. Nd4 Rfe8 25. Qb3 Rxe1+ 26. Rxe1 h5 27. Qb4 Rd7 28. Qb3 Re7 29. Qd1 Rxe1+ 30. Qxe1 Qd8 31. Qe2 Qe8 32. Qxe8 Nxe8 33. f3 Kf6 34. Kf2 Nd6 35. b3 a6 1/2-1/2